| 000 | 00000nam 2200000za 4500 |
| 001 | 9.807359 |
| 003 | CaOODSP |
| 005 | 20221107140126 |
| 007 | cr ||||||||||| |
| 008 | 160808s2015 onc o f000 0 fre d |
| 020 | |a978-0-660-03981-7 |
| 040 | |aCaOODSP|bfre |
| 043 | |an-cn--- |
| 086 | 1 |aH22-4/9-1-2015F-PDF |
| 110 | 1 |aCanada. |bSanté Canada. |
| 245 | 10|aLibre cours à l'innovation |h[ressource électronique] : |bsoins de santé excellents pour le Canada : résumé. |
| 246 | 17|aRapport du Groupe consultatif sur l'innovation des soins de santé |
| 260 | |a[Ottawa] : |bSanté Canada, |c[2015] |
| 300 | |a8 p. |
| 500 | |aPubl. aussi en anglais sous le titre : Unleashing innovation: excellent healthcare for Canada: executive summary. |
| 530 | |aÉgalement publ. en version imprimée. |
| 692 | 07|2gccst|aSystème de soins de santé |
| 692 | 07|2gccst|aQualité des soins de santé |
| 692 | 07|2gccst|aPolitique en matière de santé |
| 775 | 08|tUnleashing innovation |w(CaOODSP)9.807352 |
| 776 | 0#|tLibre cours à l'innovation |w(CaOODSP)9.806419 |
| 856 | 40|qPDF|s975 Ko|uhttps://publications.gc.ca/collections/collection_2016/sc-hc/H22-4-9-1-2015-fra.pdf |